|
|
|
|
| LEADER |
00000cam a2200000 7i4500 |
| 001 |
0000002385 |
| 005 |
20030604.0 |
| 020 |
0 |
0 |
|a 3880851956
|
| 090 |
0 |
0 |
|a 632.509533
|b CHA 1983
|
| 100 |
1 |
0 |
|a CHAUDHARY
|h Shaukat Ali
|
| 245 |
1 |
0 |
|a Weeds of North Yemen (Yemen Arab Republic)
|c Shaukat Ali Chaudhary, Raman Revri
|
| 260 |
0 |
0 |
|a Eschborn, Fed. Rep. of Germany :
|b German Agency for Technical Cooperation ,
|c 1983
|
| 300 |
|
|
|a 411 p. :
|b ill. ;
|c 21 cm.
|
| 500 |
0 |
0 |
|a Includes index
|
| 650 |
0 |
0 |
|a Weeds
|z Yemen Arab Republic
|
| 998 |
|
|
|a JPSM
|
| 999 |
|
|
|a 0000004246
|b Monograph
|c Open Shelf
|e Default branch
|